<?xml version="1.0" encoding="UTF-8"?>
<record
    xmlns:xsi="http://www.w3.org/2001/XMLSchema-instance"
    xsi:schemaLocation="http://www.loc.gov/MARC21/slim http://www.loc.gov/standards/marcxml/schema/MARC21slim.xsd"
    xmlns="http://www.loc.gov/MARC21/slim">

  <leader>00784nam a22002297a 4500</leader>
  <controlfield tag="005">20240530110337.0</controlfield>
  <controlfield tag="008">141021s201-    ua o   grc    000 0dara d</controlfield>
  <datafield tag="017" ind1=" " ind2=" ">
    <subfield code="a">20115/2009</subfield>
  </datafield>
  <datafield tag="040" ind1=" " ind2=" ">
    <subfield code="a">EG-CaGPL</subfield>
  </datafield>
  <datafield tag="082" ind1="0" ind2="4">
    <subfield code="2">21</subfield>
    <subfield code="a">154.630932\</subfield>
    <subfield code="b">&#x642;/&#x623; &#x623;</subfield>
  </datafield>
  <datafield tag="100" ind1="0" ind2=" ">
    <subfield code="a">&#x627;&#x62D;&#x645;&#x62F; &#x643;&#x627;&#x645;&#x644; &#x62D;&#x641;&#x646;&#x649;</subfield>
  </datafield>
  <datafield tag="245" ind1="1" ind2=" ">
    <subfield code="a">&#x627;&#x644;&#x627;&#x62D;&#x644;&#x627;&#x645; &#x641;&#x649; &#x639;&#x642;&#x64A;&#x62F;&#x629; &#x627;&#x644;&#x645;&#x635;&#x631;&#x649; &#x627;&#x644;&#x642;&#x62F;&#x64A;&#x645; /</subfield>
    <subfield code="c">&#x627;&#x62D;&#x645;&#x62F; &#x643;&#x627;&#x645;&#x644; &#x62D;&#x641;&#x646;&#x649;</subfield>
  </datafield>
  <datafield tag="260" ind1=" " ind2=" ">
    <subfield code="a">[ &#x62F; . &#x645; ]</subfield>
    <subfield code="b">&#x627;&#x644;&#x646;&#x62C;&#x648;&#x645; &#x644;&#x644;&#x646;&#x634;&#x631; &#x648;&#x627;&#x644;&#x62A;&#x648;&#x632;&#x64A;&#x639; &#x60C;</subfield>
    <subfield code="c">[ 2009 ]</subfield>
  </datafield>
  <datafield tag="300" ind1=" " ind2=" ">
    <subfield code="a">236 &#x635; :</subfield>
    <subfield code="b">&#x635;&#x648;&#x631; &#x61B;</subfield>
    <subfield code="c">24 &#x633;&#x645;</subfield>
  </datafield>
  <datafield tag="650" ind1="0" ind2="4">
    <subfield code="a">&#x627;&#x644;&#x627;&#x62D;&#x644;&#x627;&#x645; &#x641;&#x649; &#x627;&#x644;&#x642;&#x631;&#x627;&#x646;</subfield>
  </datafield>
  <datafield tag="650" ind1="0" ind2="4">
    <subfield code="a">&#x627;&#x644;&#x633;&#x62D;&#x631;</subfield>
  </datafield>
  <datafield tag="650" ind1="0" ind2="4">
    <subfield code="a">&#x627;&#x644;&#x633;&#x62D;&#x631; &#x627;&#x644;&#x642;&#x62F;&#x64A;&#x645;</subfield>
  </datafield>
  <datafield tag="650" ind1="0" ind2="4">
    <subfield code="a">&#x627;&#x644;&#x62A;&#x646;&#x628;&#x624;&#x627;&#x62A;</subfield>
  </datafield>
  <datafield tag="650" ind1="0" ind2="4">
    <subfield code="a">&#x627;&#x644;&#x627;&#x62D;&#x644;&#x627;&#x645; &#x641;&#x649; &#x627;&#x644;&#x627;&#x62F;&#x628; &#x627;&#x644;&#x645;&#x635;&#x631;&#x649; &#x627;&#x644;&#x642;&#x62F;&#x64A;&#x645;</subfield>
  </datafield>
  <datafield tag="942" ind1=" " ind2=" ">
    <subfield code="2">ddc</subfield>
    <subfield code="c">BK</subfield>
  </datafield>
  <datafield tag="999" ind1=" " ind2=" ">
    <subfield code="c">59810</subfield>
    <subfield code="d">59810</subfield>
  </datafield>
  <datafield tag="952" ind1=" " ind2=" ">
    <subfield code="0">0</subfield>
    <subfield code="1">0</subfield>
    <subfield code="4">0</subfield>
    <subfield code="7">0</subfield>
    <subfield code="a">CAI</subfield>
    <subfield code="b">CAI</subfield>
    <subfield code="d">2014-10-21</subfield>
    <subfield code="l">0</subfield>
    <subfield code="o">154.630932 &#x642; / &#x623; &#x623;</subfield>
    <subfield code="p">158763</subfield>
    <subfield code="r">2014-10-21 00:00:00</subfield>
    <subfield code="w">2014-10-21</subfield>
    <subfield code="y">BK</subfield>
  </datafield>
</record>
